000 00343 a2200169 4500
001 190652
020 _a978-85-00-02211-1
040 _cMagnum
100 _aKalil, Gloria
240 1 0 _aAlô, chics!
_lpor
245 1 0 _aAlô, chics!
300 _a221
362 0 _a2007
440 1 _aEdiouro
697 _aLITERATURA GERAL
942 _cBK
999 _c190652
_d190652